000 00747nam a2200217Ii 4500
003 JO-AjNU
008 230605s9999||||xx |||||||||||||| ||und||
017 _a2008/10/3468
040 _aJO-AjNU
_bara
_erda
_cJO-AjNU
041 _aara
050 1 4 _aBP130.A2852.2008
100 3 _aأبو خضر،مأمون يوسف,
_eauthor
_911844
245 0 0 _aبحوث ودراسات بلغة العلم في القرآن العظيم
250 _aط1
264 3 1 _aعمان:مأمون يوسف أبو خضر ،2008
300 _a2019ص
336 _atext
_btxt
_2rdacontent
337 _aunmediated
_bn
_2rdamedia
338 _avolume
_bnc
_2rdacarrier
650 4 _aالعلوم القرآنية-اعجاز القرآن-القرآن-الابحاث
_911845
999 _aA2532
_c6100
_d6100